000 00441nam a2200181Ia 4500
008 170918s9999 xx 000 0 und d
020 _a9780312674885
050 _bL566ar 1965
100 _aL'Engle, Madeleine
245 4 _aThe arm of the starfish /
245 _cby Madeleine L'Engle.
260 _aNew York :
260 _bScholastic,
260 _c1965
300 _a243 pages :
300 _billustrations :
300 _c21cm.
999 _c344119
_d344119